000 00409nam a2200169Ia 4500
001 7984
003 IN-NITTTR
005 20251114233033.0
008 251113s9999||||xx |||||||||||||| ||eng||
040 _beng
040 _cIN-NITTTR
041 _aeng
082 _a539.7 S52I
100 _aAlbright, John R.
245 0 _aIntroduction to atomic and nuclear physics. /
_cAlbright, John R.
942 _2ddc
_cBK
999 _c10622
_d10622